Statistics for Countries by unique attributes - Quiz

Click here to take the quiz!

General Stats

  • This quiz has been taken 63 times
  • The average score is 9 of 20

Answer Stats

Hint Answer % Correct
that begins with 'Y'Yemen
100%
that bans women from drivingSaudi Arabia
93%
that has three capital citiesSouth Africa
88%
that has banned chewing gumSingapore
75%
that borders the GambiaSenegal
74%
that has an EmperorJapan
72%
that has a capital that begins with 'Q'Ecuador
67%
that has a pentagonal flagNepal
61%
that has a Grand-DukeLuxembourg
58%
that has a capital that begins with 'Z'Croatia
51%
that has two heads of state, both from different countriesAndorra
39%
that has no official capital cityNauru
28%
that has won Eurovision but never hosted itMonaco
19%
that does not recognise ArmeniaPakistan
16%
that has Chichewa as a national languageMalawi
11%
that has 100% literacy rate (as of 2015)North Korea
9%
that has purple on its national flagDominica
4%
that has volleyball as its national sportSri Lanka
4%
that does not have its own national anthem (shares with another country)Cyprus
4%
that may legally execute pregnant womenSt Kitts & Nevis
2%

Score Distribution

Percentile by Number Answered

Percent of People with Each Score

Your Score History

You have not taken this quiz